00690nam a2200229Ia 4500003000900000008004100009040001300050040001300063041000800076100002600084245003300110250001100143260001700154260000900171300001100180300001200191490002900203490000600232942000700238999001700245952019800262IT-RoPAU120407s9999 xx 000 0 und d aIT-RoPAU cIT-RoPAU aita aOrtensio da Spinetoli aLuca. Il Vangelo dei poveri aAssisi aCittadella  c1982 a766 p. c20,5 cm aCommenti e studi biblici v1 cBK c36668d36668 00102ddc406226_68000000000000071aPAULUSbPAULUSd2012-04-11l0o226.68r2012-04-11 00:00:00w2012-04-11yBKzInserito da: Marisa In data: 04 ottobre 2011 fondo: Via A.Severo 56 Progr:25094